000 00234nmm a2200085Ia 4500
008 220120s9999||||xx |||||||||||||||||und||
100 _aEFY July 2010
_911215
245 0 _aIndustrial automation software psimg.0
260 _aEFY enterprises
999 _c139561
_d139561